| 000 | 00490nam a22001577a 4500 | ||
|---|---|---|---|
| 003 | NUST | ||
| 038 | _aNusrat Nadeem | ||
| 082 | _a200 | ||
| 100 |
_aAbbasi, Anjum Mustafa Khan _9132647 |
||
| 245 |
_aTime Scale Integrals and Convexity/ _cAnjum Mustafa Khan Abassi |
||
| 264 |
_aIslamabad: _bSNS NUST. _c2025. |
||
| 650 |
_aPhD-Mathematics _9123169 |
||
| 700 |
_aSupervisor: Prof. Matloob Anwar _9123547 |
||
| 856 | _u http://10.250.8.41:8080/xmlui/handle/123456789/56218 | ||
| 942 |
_2ddc _cSC |
||
| 999 |
_c615737 _d615737 |
||